සුපිරිසිදු බුදු දහම /

Supirisidu budu dahama
Saved in:
Bibliographic Details
Main Author: යාපා, වයි.එම්. ගුණපාල
Format: Book
Published: බණ්ඩාරවෙල : සී.ස. තිලක මුද්‍රණාලය, [?].
Tags: Add Tag
No Tags, Be the first to tag this record!

MARC

LEADER 00000nam a2200000 4500
003 LK-CoNLD
005 20260326093213.0
008 260326b |||||||| |||| 00| 0 ||| d
015 |2 slnb 
017 |a 277234  |b LK-CoDNA 
040 |a LK-CoNLD  |b SIN  |c LK-CoNLD  |d LK-CoNLD 
082 |2 23  |q LK-CoNLD 
100 |a යාපා, වයි.එම්. ගුණපාල  |9 92977 
245 |6 880-1  |a සුපිරිසිදු බුදු දහම /  |c වයි.එම්. ගුණපාල යාපා. 
260 |a බණ්ඩාරවෙල :  |b සී.ස. තිලක මුද්‍රණාලය,  |c [?]. 
300 |a පි. 69 ;  |c සෙමී. 16.  |b කබැ-බෝක : රු.30.00 
880 |6 245-1  |a Supirisidu budu dahama 
942 |c BOOK 
945 |a 21991  |b Nadeen WEERAKOON  |c 21991  |d Nadeen WEERAKOON 
999 |c 298510  |d 298510